Statistiken für Errate den Songtext ohne das Lied zu kennen #13

Klicken Sie hier um das Quiz zu spielen!

Allgemein

  • Dieses Quiz wurde 320 mal gespielt
  • Das Durchschnittsergebnis liegt bei 50 aus 206

Antwortstatistiken

Antwort% Korrekt
I
98%
i
98%
Du
58%
du
58%
"Du"
58%
da
51%
die
46%
der
45%
am
44%
mi
42%
ma
39%
und
39%
is
38%
in
34%
den
33%
wo
30%
do
29%
wie
28%
Wie
28%
zu
28%
zu?
28%
"fu"
24%
mei
24%
Kann
22%
mir
21%
Hulapalu
20%
(Hulapalu)
20%
Hulapalu,
20%
ist
20%
mit
20%
nur
20%
Dann
19%
dann
19%
denn
19%
her
18%
des
17%
Mond
17%
MOnd
17%
sog
16%
Sog
16%
wenn
16%
hob
13%
Wos
13%
wos
13%
dazu?
12%
sui
12%
Augen
11%
sogst
11%
danzt
10%
ghead
10%
Nocht
10%
Ohr
10%
Dancefloor
9%
grad
9%
host
9%
locht
9%
schon
9%
Sexy
9%
beim
8%
bitte
8%
Happy
8%
Hour,
8%
mochst
8%
olles
8%
sehn
8%
Vierzig
8%
ganz
7%
glaub
7%
gsogt
7%
Hodiodiodieee
7%
Hodiodioooodiooodie
7%
sehr?
7%
vielleicht
7%
dabei?
6%
jugendfrei
6%
lochst
6%
mittn
6%
Mocht
6%
net
6%
gedacht
5%
gedocht
5%
Sterndal
4%
geht?
3%
schreibt
3%
fia
2%
schaun
2%
gfrogt
1%
kumt
1%

Verteilung der Resultate

Perzentil nach korrekt beantworteten Fragen

Anzahl Personen mit jedem Resultat

Ihre Resultats-Entwicklung

Sie haben dieses Quiz noch nicht gespielt